[Event "Marianske Lazne 2023"]
[Site "?"]
[Date "2023.01.17"]
[Round "4.3"]
[White "Adithya, A Chullikkad"]
[Black "Seemann, Jakub"]
[Result "0-1"]
[BlackElo "2389"]
[WhiteElo "2196"]
[LiveChessVersion "1.4.8"]

1. e4 {[%clk 1:30:51]} c6 {[%clk 1:30:48]} 2. d4 {[%clk 1:31:11]} d5
{[%clk 1:31:13]} 3. Nc3 {[%clk 1:31:19]} dxe4 {[%clk 1:31:36]} 4. Nxe4
{[%clk 1:31:26]} Nf6 {[%clk 1:31:59]} 5. Nxf6+ {[%clk 1:31:35]} exf6
{[%clk 1:32:24]} 6. c3 {[%clk 1:31:42]} Bd6 {[%clk 1:32:48]} 7. Bd3
{[%clk 1:31:53]} O-O {[%clk 1:33:09]} 8. Ne2 {[%clk 1:32:06]} Re8
{[%clk 1:32:55]} 9. O-O {[%clk 1:32:22]} Nd7 {[%clk 1:23:49]} 10. Bf4
{[%clk 1:32:02]} Nf8 {[%clk 1:24:05]} 11. Bxd6 {[%clk 1:31:41]} Qxd6
{[%clk 1:24:32]} 12. Ng3 {[%clk 1:31:27]} Be6 {[%clk 1:18:08]} 13. Qc2
{[%clk 1:30:06]} Rad8 {[%clk 1:18:16]} 14. f4 {[%clk 1:26:37]} Qc7
{[%clk 0:59:51]} 15. f5 {[%clk 1:21:55]} Bc8 {[%clk 0:58:46]} 16. Ne4
{[%clk 1:02:54]} b6 {[%clk 0:52:18]} 17. Rae1 {[%clk 0:53:59]} c5
{[%clk 0:47:02]} 18. Bb5 {[%clk 0:52:18]} Bd7 {[%clk 0:46:19]} 19. Bxd7
{[%clk 0:51:59]} Nxd7 {[%clk 0:46:43]} 20. Qa4 {[%clk 0:51:04]} Rb8
{[%clk 0:39:40]} 21. Qb5 {[%clk 0:46:35]} Red8 {[%clk 0:31:07]} 22. Rf3
{[%clk 0:38:21]} Rbc8 {[%clk 0:25:40]} 23. Rfe3 {[%clk 0:28:46]} cxd4
{[%clk 0:19:16]} 24. cxd4 {[%clk 0:29:01]} Nf8 {[%clk 0:19:34]} 25. Rc3
{[%clk 0:20:19]} Qb7 {[%clk 0:18:38]} 26. Qd3 {[%clk 0:20:15]} Rxc3
{[%clk 0:13:14]} 27. Nxc3 {[%clk 0:18:58]} Qd7 {[%clk 0:13:09]} 28. Rd1
{[%clk 0:18:43]} Re8 {[%clk 0:12:48]} 29. a3 {[%clk 0:15:56]} Qd6
{[%clk 0:10:32]} 30. Nb5 {[%clk 0:14:44]} Qe7 {[%clk 0:10:51]} 31. Nc3
{[%clk 0:12:18]} Nd7 {[%clk 0:10:47]} 32. Qg3 {[%clk 0:12:15]} b5
{[%clk 0:07:17]} 33. Rd2 {[%clk 0:12:00]} Nb6 {[%clk 0:05:26]} 34. Re2
{[%clk 0:11:56]} Qd7 {[%clk 0:05:27]} 35. Rxe8+ {[%clk 0:12:12]} Qxe8
{[%clk 0:05:53]} 36. d5 {[%clk 0:11:47]} Nc4 {[%clk 0:04:56]} 37. d6
{[%clk 0:09:30]} Nxd6 {[%clk 0:04:43]} 38. Qf2 {[%clk 0:09:20]} Qe5
{[%clk 0:04:40]} 39. h3 {[%clk 0:09:06]} a6 {[%clk 0:02:43]} 40. Qb6
{[%clk 0:08:32]} h5 {[%clk 0:02:45]} 41. Qxa6 {[%clk 0:07:31]} h4
{[%clk 0:19:00]} 42. Qa8+ {[%clk 0:27:23]} Kh7 {[%clk 0:19:27]} 43. Qf3
{[%clk 0:24:50]} Nxf5 {[%clk 0:18:47]} 44. Qd3 {[%clk 0:22:00]} g6
{[%clk 0:17:53]} 45. Qxb5 {[%clk 0:20:11]} Qe3+ {[%clk 0:17:51]} 46. Kh2
{[%clk 0:20:30]} Qf4+ {[%clk 0:18:00]} 47. Kg1 {[%clk 0:20:35]} Qc1+
{[%clk 0:18:17]} 48. Qf1 {[%clk 0:18:21]} Qxb2 {[%clk 0:18:35]} 49. Ne4
{[%clk 0:15:00]} Qd4+ {[%clk 0:18:08]} 50. Nf2 {[%clk 0:15:21]} Ng3
{[%clk 0:17:50]} 51. Qd1 {[%clk 0:15:19]} Qe3 {[%clk 0:16:23]} 52. a4
{[%clk 0:06:28]} Ne4 {[%clk 0:16:46]} 53. Qf1 {[%clk 0:06:23]} Kg7
{[%clk 0:16:48]} 54. a5 {[%clk 0:06:17]} Kg8 {[%clk 0:17:08]} 55. a6
{[%clk 0:05:04]} Kg7 {[%clk 0:17:33]} 56. Qa1 {[%clk 0:04:50]} Qxf2+
{[%clk 0:17:14]} 57. Kh1 {[%clk 0:05:10]} Qa7 {[%clk 0:17:36]} 58. Qa4
{[%clk 0:04:30]} Nc5 {[%clk 0:17:58]} 59. Qd4 {[%clk 0:04:54]} Qxa6
{[%clk 0:18:12]} 60. Qxc5 {[%clk 0:05:13]} Qa1+ {[%clk 0:18:38]} 61. Qg1
{[%clk 0:05:38]} Qxg1+ {[%clk 0:18:55]} 62. Kxg1 {[%clk 0:06:05]} f5
{[%clk 0:18:57]} 63. Kf2 {[%clk 0:06:24]} Kf6 {[%clk 0:19:22]} 64. Kf3
{[%clk 0:06:48]} g5 {[%clk 0:19:40]} 65. Ke3 {[%clk 0:06:25]} Ke5
{[%clk 0:20:06]} 66. Kf3 {[%clk 0:06:49]} Kd4 {[%clk 0:20:30]} 67. g3
{[%clk 0:07:08]} hxg3 {[%clk 0:20:57]} 68. Kxg3 {[%clk 0:07:34]} Ke3
{[%clk 0:21:22]} 69. h4 {[%clk 0:07:57]} f4+ {[%clk 0:21:47]} 70. Kh2
{[%clk 0:08:16]} gxh4 {[%clk 0:22:13]} 71. Kg2 {[%clk 0:08:40]} f3+
{[%clk 0:22:41]} 72. Kf1 {[%clk 0:09:05]} f2 {[%clk 0:23:08]} 73. Kg2
{[%clk 0:09:31]} Ke2 {[%clk 0:23:35]} 74. Kh2 {[%clk 0:09:57]} f6
{[%clk 0:24:01]} 75. Kh3 {[%clk 0:10:22]} f1=Q+ {[%clk 0:24:26]} 76. Kg4
{[%clk 0:10:47]} Qf3+ {[%clk 0:24:51]} 77. Kxh4 {[%clk 0:11:12]} Qg2
{[%clk 0:25:18]} 78. Kh5 {[%clk 0:11:36]} Qg5# {[%clk 0:25:45]} 0-1

[Event "Marianske Lazne 2023"]
[Site "?"]
[Date "2023.01.17"]
[Round "4.4"]
[White "Natsidis, Christoph"]
[Black "Chen, Qi b"]
[Result "1/2-1/2"]
[BlackElo "2484"]
[WhiteElo "2308"]
[LiveChessVersion "1.4.8"]

1. d4 {[%clk 1:29:33]} Nf6 {[%clk 1:30:43]} 2. c4 {[%clk 1:29:57]} e6
{[%clk 1:30:56]} 3. Nc3 {[%clk 1:30:15]} Bb4 {[%clk 1:30:55]} 4. Nf3
{[%clk 1:30:39]} b6 {[%clk 1:30:47]} 5. Qb3 {[%clk 1:31:01]} c5 {[%clk 1:27:05]}
6. dxc5 {[%clk 1:31:24]} bxc5 {[%clk 1:23:39]} 7. g3 {[%clk 1:31:48]} Nc6
{[%clk 1:15:49]} 8. Bg2 {[%clk 1:31:42]} Ba6 {[%clk 1:14:19]} 9. O-O
{[%clk 1:30:36]} O-O {[%clk 1:11:23]} 10. Bd2 {[%clk 1:04:52]} Rb8
{[%clk 1:02:01]} 11. Bf4 {[%clk 1:00:45]} d6 {[%clk 0:44:44]} 12. Qa4
{[%clk 0:40:09]} Bxc3 {[%clk 0:22:18]} 13. bxc3 {[%clk 0:39:42]} Bb7
{[%clk 0:22:39]} 14. Rfd1 {[%clk 0:32:55]} Ne8 {[%clk 0:20:56]} 15. Ng5
{[%clk 0:25:15]} e5 {[%clk 0:15:18]} 16. Be3 {[%clk 0:19:32]} Qc7
{[%clk 0:11:57]} 17. Rab1 {[%clk 0:19:58]} Rc8 {[%clk 0:11:40]} 18. Bh3
{[%clk 0:12:30]} Rd8 {[%clk 0:10:27]} 19. Bg2 {[%clk 0:11:04]} Ba8
{[%clk 0:09:57]} 20. Ne4 {[%clk 0:10:01]} h6 {[%clk 0:09:49]} 21. Nxc5
{[%clk 0:09:48]} Nf6 {[%clk 0:08:16]} 22. Na6 {[%clk 0:09:11]} Qc8
{[%clk 0:08:42]} 23. Nb4 {[%clk 0:06:53]} Nxb4 {[%clk 0:06:24]} 24. Bxa8
{[%clk 0:07:06]} Nxa2 {[%clk 0:03:21]} 25. Qxa2 {[%clk 0:02:41]} Qxa8
{[%clk 0:03:49]} 26. Qxa7 {[%clk 0:02:59]} 1/2-1/2

[Event "Marianske Lazne 2023"]
[Site "?"]
[Date "2023.01.17"]
[Round "4.5"]
[White "Rasik, Vitezslav"]
[Black "Kusa, Jakub"]
[Result "1/2-1/2"]
[BlackElo "2359"]
[WhiteElo "2427"]
[LiveChessVersion "1.4.8"]

1. e4 {[%clk 1:30:56]} e5 {[%clk 1:30:48]} 2. Nf3 {[%clk 1:31:06]} Nc6
{[%clk 1:31:08]} 3. Nc3 {[%clk 1:31:23]} Nf6 {[%clk 1:31:18]} 4. Bb5
{[%clk 1:31:39]} Bc5 {[%clk 1:28:53]} 5. O-O {[%clk 1:30:57]} Nd4
{[%clk 1:25:56]} 6. Nxe5 {[%clk 1:24:07]} O-O {[%clk 1:21:03]} 7. Nd3
{[%clk 1:10:36]} Nxb5 {[%clk 1:14:29]} 8. Nxb5 {[%clk 1:03:09]} Nxe4
{[%clk 1:06:10]} 9. Nxc5 {[%clk 0:54:04]} Nxc5 {[%clk 1:06:00]} 10. d4
{[%clk 0:54:13]} Na6 {[%clk 1:01:43]} 11. d5 {[%clk 0:46:18]} d6 {[%clk 1:01:18]}
12. b3 {[%clk 0:42:20]} Bd7 {[%clk 0:58:06]} 13. a4 {[%clk 0:38:39]} 1/2-1/2

[Event "Marianske Lazne 2023"]
[Site "?"]
[Date "2023.01.17"]
[Round "4.6"]
[White "Lalic, Bogdan"]
[Black "Ricken, Katharina"]
[Result "1/2-1/2"]
[BlackElo "2177"]
[WhiteElo "2392"]
[LiveChessVersion "1.4.8"]

1. d4 e6 {[%clk 1:30:57]} 2. Nf3 {[%clk 1:31:20]} Nf6 {[%clk 1:31:22]} 3. c4
{[%clk 1:31:43]} Bb4+ {[%clk 1:31:48]} 4. Bd2 {[%clk 1:32:05]} Qe7
{[%clk 1:32:15]} 5. g3 {[%clk 1:32:19]} Bxd2+ {[%clk 1:32:38]} 6. Qxd2
{[%clk 1:32:32]} d6 {[%clk 1:32:26]} 7. Nc3 {[%clk 1:32:33]} O-O {[%clk 1:28:18]}
8. Bg2 {[%clk 1:32:57]} e5 {[%clk 1:28:05]} 9. O-O {[%clk 1:33:17]} c6
{[%clk 1:27:36]} 10. e4 {[%clk 1:33:36]} Bg4 {[%clk 1:27:23]} 11. Ne1
{[%clk 1:33:56]} Na6 {[%clk 1:23:35]} 12. h3 {[%clk 1:31:46]} exd4
{[%clk 1:22:59]} 13. Qxd4 {[%clk 1:32:09]} Be6 {[%clk 1:23:03]} 14. b3
{[%clk 1:32:10]} Nc5 {[%clk 1:20:59]} 15. Rd1 {[%clk 1:31:11]} Rad8
{[%clk 1:20:19]} 16. Nc2 {[%clk 1:31:32]} a5 {[%clk 1:19:48]} 17. Qd2
{[%clk 1:23:43]} Rfe8 {[%clk 1:17:48]} 18. Nd4 {[%clk 1:23:06]} Bc8
{[%clk 1:14:51]} 19. Rfe1 {[%clk 1:23:00]} Qc7 {[%clk 1:12:30]} 20. g4
{[%clk 1:21:30]} h6 {[%clk 1:11:37]} 21. Re3 {[%clk 1:17:18]} Re5
{[%clk 0:57:22]} 22. a3 {[%clk 1:01:37]} Qb6 {[%clk 0:52:50]} 23. Qc2
{[%clk 0:59:14]} 1/2-1/2

[Event "Marianske Lazne 2023"]
[Site "?"]
[Date "2023.01.17"]
[Round "4.7"]
[White "Can, Isik"]
[Black "Haba, Petr"]
[Result "1/2-1/2"]
[BlackElo "2450"]
[WhiteElo "2488"]
[LiveChessVersion "1.4.8"]

1. e4 {[%clk 1:24:41]} e5 {[%clk 1:30:44]} 2. Nc3 {[%clk 1:24:56]} Nf6
{[%clk 1:30:50]} 3. Bc4 {[%clk 1:25:21]} Nxe4 {[%clk 1:30:07]} 4. Qh5
{[%clk 1:25:45]} Nd6 {[%clk 1:30:20]} 5. Qxe5+ {[%clk 1:26:10]} Qe7
{[%clk 1:30:40]} 6. Qxe7+ {[%clk 1:26:35]} Bxe7 {[%clk 1:31:06]} 7. Be2
{[%clk 1:27:02]} Nf5 {[%clk 1:30:30]} 8. Nf3 {[%clk 1:24:09]} Nc6
{[%clk 1:29:54]} 9. Nd5 {[%clk 1:24:09]} Bd8 {[%clk 1:30:19]} 10. c3
{[%clk 1:24:06]} Nce7 {[%clk 1:30:39]} 11. Nf4 {[%clk 1:24:23]} d5
{[%clk 1:23:28]} 12. d4 {[%clk 1:22:52]} c6 {[%clk 1:23:41]} 13. h4
{[%clk 1:21:44]} Ng6 {[%clk 1:08:52]} 14. h5 {[%clk 1:17:49]} Nxf4
{[%clk 1:08:46]} 15. Bxf4 {[%clk 1:13:48]} Be7 {[%clk 1:09:12]} 16. O-O-O
{[%clk 1:07:30]} Bd6 {[%clk 1:00:48]} 17. Bd2 {[%clk 0:49:15]} Ne7
{[%clk 1:00:58]} 18. Ne5 {[%clk 0:44:17]} f6 {[%clk 0:50:16]} 19. Nd3
{[%clk 0:44:38]} Kf7 {[%clk 0:50:33]} 20. g4 {[%clk 0:43:14]} Re8
{[%clk 0:46:54]} 21. Rde1 {[%clk 0:40:14]} Bd7 {[%clk 0:43:22]} 22. f4
{[%clk 0:36:43]} Ng8 {[%clk 0:39:57]} 23. Rhf1 {[%clk 0:30:27]} Rxe2
{[%clk 0:30:13]} 24. Rxe2 {[%clk 0:30:52]} Bxg4 {[%clk 0:30:39]} 25. Rh2
{[%clk 0:28:05]} Bf5 {[%clk 0:31:04]} 26. Ne5+ {[%clk 0:23:04]} Kf8
{[%clk 0:28:40]} 27. Nf3 {[%clk 0:21:45]} Re8 {[%clk 0:27:56]} 28. Re1
{[%clk 0:19:18]} Be4 {[%clk 0:25:58]} 29. Nh4 {[%clk 0:12:15]} Nh6
{[%clk 0:25:55]} 30. Rf2 {[%clk 0:12:19]} Re7 {[%clk 0:21:06]} 31. Rg1
{[%clk 0:11:48]} f5 {[%clk 0:20:47]} 32. Nf3 {[%clk 0:07:14]} 1/2-1/2

[Event "Marianske Lazne 2023"]
[Site "?"]
[Date "2023.01.17"]
[Round "4.8"]
[White "Krejci, Jan"]
[Black "Niedbala, Bartlomiej"]
[Result "1-0"]
[BlackElo "2390"]
[WhiteElo "2522"]
[LiveChessVersion "1.4.8"]

1. Nf3 {[%clk 1:30:57]} d5 {[%clk 1:26:57]} 2. e3 {[%clk 1:31:23]} Nf6
{[%clk 1:26:36]} 3. c4 {[%clk 1:31:47]} c6 {[%clk 1:27:04]} 4. d4
{[%clk 1:31:38]} Bg4 {[%clk 1:24:17]} 5. h3 {[%clk 1:31:41]} Bh5 {[%clk 1:23:02]}
6. Qb3 {[%clk 1:24:28]} Qb6 {[%clk 1:18:50]} 7. Ne5 {[%clk 1:21:15]} e6
{[%clk 1:13:12]} 8. Nd2 {[%clk 1:19:34]} Nbd7 {[%clk 1:06:01]} 9. g4
{[%clk 1:17:09]} Bg6 {[%clk 1:05:47]} 10. Nxg6 {[%clk 1:17:31]} hxg6
{[%clk 1:06:13]} 11. Bg2 {[%clk 1:17:45]} g5 {[%clk 0:47:11]} 12. Qxb6
{[%clk 1:10:57]} Nxb6 {[%clk 0:41:09]} 13. b3 {[%clk 1:05:39]} a5
{[%clk 0:30:16]} 14. Ke2 {[%clk 1:04:10]} Be7 {[%clk 0:25:28]} 15. Bb2
{[%clk 1:00:24]} a4 {[%clk 0:21:41]} 16. Bc3 {[%clk 0:58:19]} axb3
{[%clk 0:18:32]} 17. axb3 {[%clk 0:58:33]} O-O {[%clk 0:18:59]} 18. c5
{[%clk 0:55:02]} Nbd7 {[%clk 0:18:48]} 19. b4 {[%clk 0:55:27]} Rfb8
{[%clk 0:17:17]} 20. Nb3 {[%clk 0:42:55]} Ne8 {[%clk 0:14:42]} 21. Na5
{[%clk 0:37:42]} Bd8 {[%clk 0:12:53]} 22. f4 {[%clk 0:35:48]} gxf4
{[%clk 0:10:14]} 23. exf4 {[%clk 0:36:14]} Nc7 {[%clk 0:10:26]} 24. Kd3
{[%clk 0:35:25]} Nb5 {[%clk 0:10:00]} 25. Bd2 {[%clk 0:35:54]} Bxa5
{[%clk 0:06:27]} 26. bxa5 {[%clk 0:35:51]} Nf6 {[%clk 0:05:42]} 27. Bf3
{[%clk 0:29:56]} Rd8 {[%clk 0:03:47]} 28. Be3 {[%clk 0:29:30]} g6
{[%clk 0:03:37]} 29. h4 {[%clk 0:26:34]} Ne4 {[%clk 0:03:04]} 30. h5
{[%clk 0:26:52]} Kg7 {[%clk 0:02:11]} 31. hxg6 {[%clk 0:26:35]} fxg6
{[%clk 0:02:16]} 32. Bxe4 {[%clk 0:26:00]} dxe4+ {[%clk 0:02:43]} 33. Kxe4
{[%clk 0:26:24]} Nc3+ {[%clk 0:02:48]} 34. Kf3 {[%clk 0:25:46]} Nd5
{[%clk 0:02:43]} 35. Bd2 {[%clk 0:25:55]} Nc7 {[%clk 0:01:22]} 36. Rh2
{[%clk 0:24:28]} Rh8 {[%clk 0:00:33]} 37. Rah1 {[%clk 0:23:57]} Rxh2
{[%clk 0:00:54]} 38. Rxh2 {[%clk 0:24:26]} Nb5 {[%clk 0:00:51]} 39. Ke4
{[%clk 0:24:27]} Rd8 {[%clk 0:01:17]} 40. Be3 {[%clk 0:24:50]} Ra8
{[%clk 0:01:27]} 41. Ke5 {[%clk 0:22:12]} Rxa5 {[%clk 0:27:02]} 42. Kxe6
{[%clk 0:50:42]} Ra3 {[%clk 0:15:18]} 43. Bc1 {[%clk 0:49:13]} Nxd4+
{[%clk 0:10:03]} 44. Ke7 {[%clk 0:49:33]} Rd3 {[%clk 0:07:11]} 45. Bb2
{[%clk 0:47:20]} Kg8 {[%clk 0:03:16]} 46. Kf6 {[%clk 0:46:46]} g5
{[%clk 0:02:15]} 47. Bxd4 {[%clk 0:39:55]} Rxd4 {[%clk 0:02:43]} 48. f5
{[%clk 0:39:17]} Rxg4 {[%clk 0:01:45]} 49. Kg6 {[%clk 0:39:46]} 1-0

[Event "Marianske Lazne 2023"]
[Site "?"]
[Date "2023.01.17"]
[Round "4.9"]
[White "Sorm, Daniel"]
[Black "Leisch, Lukas"]
[Result "1-0"]
[BlackElo "2378"]
[WhiteElo "2302"]
[LiveChessVersion "1.4.8"]

1. c4 {[%clk 1:30:57]} Nf6 {[%clk 1:24:39]} 2. Nc3 {[%clk 1:31:07]} e5
{[%clk 1:22:47]} 3. Nf3 {[%clk 1:31:27]} Nc6 {[%clk 1:23:11]} 4. e3
{[%clk 1:31:52]} Bb4 {[%clk 1:23:03]} 5. Qc2 {[%clk 1:32:00]} Bxc3
{[%clk 1:22:17]} 6. bxc3 {[%clk 1:32:06]} O-O {[%clk 1:21:45]} 7. e4
{[%clk 1:32:05]} d6 {[%clk 1:21:36]} 8. Be2 {[%clk 1:32:00]} a6 {[%clk 1:17:08]}
9. O-O {[%clk 1:30:31]} h6 {[%clk 1:15:42]} 10. Rb1 {[%clk 1:28:25]} Rb8
{[%clk 1:15:11]} 11. d4 {[%clk 1:11:28]} Bg4 {[%clk 0:56:20]} 12. Be3
{[%clk 1:05:18]} Qe7 13. h3 {[%clk 1:00:53]} Bd7 {[%clk 0:55:13]} 14. Nd2
{[%clk 0:56:30]} Na5 {[%clk 0:49:59]} 15. f4 {[%clk 0:56:30]} b5 {[%clk 0:42:14]}
16. fxe5 {[%clk 0:51:32]} dxe5 {[%clk 0:42:29]} 17. c5 {[%clk 0:43:49]} exd4
{[%clk 0:40:55]} 18. cxd4 {[%clk 0:44:03]} Bc6 {[%clk 0:40:33]} 19. Bf3
{[%clk 0:35:15]} Rbe8 20. Bf4 {[%clk 0:21:36]} Nxe4 {[%clk 0:28:53]} 21. Bxe4
{[%clk 0:21:14]} Bxe4 {[%clk 0:29:18]} 22. Nxe4 {[%clk 0:21:35]} Qxe4
{[%clk 0:29:43]} 23. Qxe4 {[%clk 0:21:36]} Rxe4 {[%clk 0:30:11]} 24. Bxc7
{[%clk 0:21:56]} Nc4 {[%clk 0:29:30]} 25. d5 {[%clk 0:19:32]} Nd2
{[%clk 0:26:55]} 26. Rbd1 {[%clk 0:14:58]} Nxf1 {[%clk 0:27:17]} 27. Kxf1
{[%clk 0:15:21]} Rc4 {[%clk 0:22:51]} 28. Bb6 {[%clk 0:14:01]} Rc2
{[%clk 0:23:05]} 29. d6 {[%clk 0:12:58]} Rxa2 {[%clk 0:23:25]} 30. c6
{[%clk 0:11:25]} b4 {[%clk 0:21:43]} 31. d7 {[%clk 0:10:48]} b3 {[%clk 0:21:54]}
32. c7 {[%clk 0:11:07]} b2 {[%clk 0:22:09]} 33. c8=Q {[%clk 0:10:37]} Ra1
{[%clk 0:22:18]} 34. Qxf8+ {[%clk 0:10:36]} 1-0

[Event "Marianske Lazne 2023"]
[Site "?"]
[Date "2023.01.17"]
[Round "4.10"]
[White "Finek, Vaclav"]
[Black "Pajeken, Jakob Leon"]
[Result "1-0"]
[BlackElo "2449"]
[WhiteElo "2406"]
[LiveChessVersion "1.4.8"]

1. d4 {[%clk 1:30:58]} Nf6 {[%clk 1:30:50]} 2. Nf3 {[%clk 1:31:23]} e6
{[%clk 1:31:16]} 3. g3 {[%clk 1:31:48]} c5 {[%clk 1:31:41]} 4. Bg2
{[%clk 1:31:57]} cxd4 {[%clk 1:32:06]} 5. O-O {[%clk 1:31:55]} d5
{[%clk 1:32:32]} 6. Nxd4 {[%clk 1:31:56]} e5 {[%clk 1:32:57]} 7. Nb3
{[%clk 1:32:10]} Be6 {[%clk 1:33:20]} 8. c4 {[%clk 1:31:38]} Nc6 {[%clk 1:33:36]}
9. cxd5 {[%clk 1:31:27]} Nxd5 {[%clk 1:33:04]} 10. N1d2 {[%clk 1:30:52]} Nf6
{[%clk 1:23:17]} 11. Ne4 {[%clk 1:24:09]} Nxe4 {[%clk 1:23:16]} 12. Bxe4
{[%clk 1:24:16]} Bh3 {[%clk 1:21:40]} 13. Re1 {[%clk 1:14:07]} Bb4
{[%clk 1:21:41]} 14. Bd2 {[%clk 1:13:21]} Bxd2 {[%clk 1:21:09]} 15. Qxd2
{[%clk 1:13:41]} Qxd2 {[%clk 1:14:47]} 16. Nxd2 {[%clk 1:14:03]} O-O-O
{[%clk 0:58:38]} 17. Nb3 {[%clk 1:01:26]} Be6 {[%clk 0:50:49]} 18. Bxc6
{[%clk 0:51:47]} bxc6 {[%clk 0:51:05]} 19. Nc5 {[%clk 0:49:55]} Rhe8
{[%clk 0:48:47]} 20. b4 {[%clk 0:39:55]} Kc7 {[%clk 0:40:00]} 21. a3
{[%clk 0:37:50]} Rd2 {[%clk 0:36:45]} 22. Rac1 {[%clk 0:35:40]} Kb6
{[%clk 0:35:43]} 23. Rc3 {[%clk 0:31:29]} Red8 {[%clk 0:31:19]} 24. Nxe6
{[%clk 0:27:36]} fxe6 {[%clk 0:31:44]} 25. Re3 {[%clk 0:26:22]} R8d5
{[%clk 0:29:53]} 26. Kg2 {[%clk 0:25:28]} Rc2 {[%clk 0:29:17]} 27. h4
{[%clk 0:21:11]} Kb5 {[%clk 0:28:09]} 28. h5 {[%clk 0:19:30]} h6 {[%clk 0:26:11]}
29. Rb1 {[%clk 0:13:40]} Ka4 {[%clk 0:24:04]} 30. Ra1 {[%clk 0:11:31]} a6
{[%clk 0:22:23]} 31. Rb1 {[%clk 0:08:49]} Rc4 {[%clk 0:21:09]} 32. Rbb3
{[%clk 0:05:58]} e4 {[%clk 0:16:33]} 33. Rbc3 {[%clk 0:05:45]} Rdd4
{[%clk 0:14:19]} 34. Rxc4 {[%clk 0:05:27]} Rxc4 {[%clk 0:14:46]} 35. g4
{[%clk 0:04:29]} Kb5 {[%clk 0:14:15]} 36. Kg3 {[%clk 0:02:18]} c5
{[%clk 0:14:37]} 37. bxc5 {[%clk 0:02:45]} Kxc5 {[%clk 0:14:56]} 38. Rb3
{[%clk 0:01:21]} Kc6 {[%clk 0:13:20]} 39. Rb8 {[%clk 0:00:38]} Kd5
{[%clk 0:06:27]} 40. Rb7 {[%clk 0:00:42]} Ke5 {[%clk 0:02:25]} 41. Rxg7
{[%clk 0:25:04]} Rc3+ {[%clk 0:32:29]} 42. e3 {[%clk 0:24:57]} Rxa3
{[%clk 0:32:49]} 43. Rg6 {[%clk 0:19:27]} Ra1 {[%clk 0:31:45]} 44. Kg2
{[%clk 0:17:53]} a5 {[%clk 0:30:27]} 45. Rxh6 {[%clk 0:17:45]} a4
{[%clk 0:29:29]} 46. Rg6 {[%clk 0:15:59]} Rc1 {[%clk 0:27:41]} 47. Rg5+
{[%clk 0:15:36]} Kf6 {[%clk 0:27:52]} 48. Ra5 {[%clk 0:14:46]} a3
{[%clk 0:27:52]} 49. g5+ {[%clk 0:13:50]} Ke7 {[%clk 0:28:11]} 50. h6
{[%clk 0:10:48]} e5 {[%clk 0:24:32]} 51. Ra7+ {[%clk 0:08:18]} Ke6
{[%clk 0:24:53]} 52. h7 {[%clk 0:08:24]} Rc8 {[%clk 0:25:09]} 53. g6
{[%clk 0:08:18]} 1-0

[Event "Marianske Lazne 2023"]
[Site "?"]
[Date "2023.01.17"]
[Round "4.11"]
[White "Koridze, Lile"]
[Black "Paszewski, Mateusz"]
[Result "0-1"]
[BlackElo "2303"]
[WhiteElo "2139"]
[LiveChessVersion "1.4.8"]

1. d4 {[%clk 1:30:57]} Nf6 {[%clk 1:30:38]} 2. c4 {[%clk 1:31:22]} e6
{[%clk 1:31:04]} 3. Nf3 {[%clk 1:31:48]} d5 {[%clk 1:31:30]} 4. g3
{[%clk 1:32:15]} dxc4 {[%clk 1:31:53]} 5. Bg2 {[%clk 1:32:34]} Nc6
{[%clk 1:32:04]} 6. O-O {[%clk 1:31:08]} Rb8 {[%clk 1:31:44]} 7. a4
{[%clk 1:22:27]} a6 {[%clk 1:24:59]} 8. Nc3 {[%clk 1:15:29]} Na5 {[%clk 1:09:55]}
9. Bg5 {[%clk 1:05:21]} Be7 {[%clk 1:05:38]} 10. e3 {[%clk 1:03:43]} O-O
{[%clk 0:58:50]} 11. Ne5 {[%clk 0:58:00]} Nd7 {[%clk 0:49:09]} 12. Bxe7
{[%clk 0:54:50]} Qxe7 {[%clk 0:49:37]} 13. Nxd7 {[%clk 0:54:50]} Bxd7
{[%clk 0:49:59]} 14. Qe2 {[%clk 0:53:42]} Rfd8 {[%clk 0:44:31]} 15. e4
{[%clk 0:49:16]} Bc6 {[%clk 0:35:12]} 16. Rad1 {[%clk 0:46:41]} b5
{[%clk 0:35:38]} 17. axb5 {[%clk 0:45:32]} axb5 {[%clk 0:28:56]} 18. Qe3
{[%clk 0:40:52]} b4 {[%clk 0:26:20]} 19. Nb1 {[%clk 0:38:21]} Ba4
{[%clk 0:26:36]} 20. Rc1 {[%clk 0:36:55]} Bb5 {[%clk 0:23:15]} 21. Rfe1
{[%clk 0:36:45]} Nb3 {[%clk 0:18:29]} 22. Rcd1 Qf6 23. e5 {[%clk 0:35:11]} Qe7
{[%clk 0:18:58]} 24. Be4 {[%clk 0:34:07]} c5 {[%clk 0:17:13]} 25. d5
{[%clk 0:31:12]} exd5 {[%clk 0:17:42]} 26. Rxd5 {[%clk 0:31:08]} Nd4
{[%clk 0:13:10]} 27. Rxd8+ {[%clk 0:24:30]} Rxd8 {[%clk 0:13:39]} 28. Nd2
{[%clk 0:24:35]} Qe6 {[%clk 0:11:12]} 29. Nf3 {[%clk 0:17:20]} h6
{[%clk 0:08:52]} 30. Rd1 {[%clk 0:16:02]} Nxf3+ {[%clk 0:08:26]} 31. Bxf3
{[%clk 0:16:14]} Rxd1+ {[%clk 0:08:50]} 32. Bxd1 {[%clk 0:16:41]} Qd5
{[%clk 0:09:09]} 33. Bc2 {[%clk 0:14:46]} Bc6 {[%clk 0:08:24]} 34. Kf1
{[%clk 0:15:10]} Qd4 {[%clk 0:07:04]} 35. Qe2 {[%clk 0:14:51]} Bd5
{[%clk 0:05:42]} 36. Kg1 {[%clk 0:11:13]} Kf8 {[%clk 0:04:13]} 37. Bf5
{[%clk 0:09:03]} g6 {[%clk 0:04:01]} 38. Bb1 {[%clk 0:07:28]} c3 {[%clk 0:02:29]}
39. bxc3 {[%clk 0:07:24]} Qxc3 {[%clk 0:02:51]} 40. f4 {[%clk 0:06:54]} c4
{[%clk 0:01:55]} 41. e6 {[%clk 0:06:11]} Qc1+ {[%clk 0:30:02]} 0-1

[Event "Marianske Lazne 2023"]
[Site "?"]
[Date "2023.01.17"]
[Round "4.12"]
[White "Goroshkov, Maksym"]
[Black "Jasny, Stanislav"]
[Result "1/2-1/2"]
[BlackElo "2245"]
[WhiteElo "2261"]
[LiveChessVersion "1.4.8"]

1. e4 {[%clk 1:30:54]} g6 {[%clk 1:30:45]} 2. d4 {[%clk 1:31:19]} Bg7
{[%clk 1:31:09]} 3. Nc3 {[%clk 1:31:36]} d6 {[%clk 1:31:22]} 4. Be2
{[%clk 1:31:31]} Nf6 {[%clk 1:31:40]} 5. Nf3 {[%clk 1:31:20]} O-O
{[%clk 1:32:00]} 6. O-O {[%clk 1:31:32]} e6 {[%clk 1:31:20]} 7. e5
{[%clk 1:16:28]} dxe5 {[%clk 1:27:37]} 8. Nxe5 {[%clk 1:11:18]} Nfd7
{[%clk 1:08:12]} 9. Nf3 {[%clk 1:05:48]} Nf6 {[%clk 1:00:26]} 10. Bf4
{[%clk 0:50:51]} Nd5 {[%clk 0:52:45]} 11. Nxd5 {[%clk 0:50:15]} exd5
{[%clk 0:53:09]} 12. Ne5 {[%clk 0:50:19]} Nd7 {[%clk 0:51:32]} 13. Nxd7
{[%clk 0:39:21]} Bxd7 {[%clk 0:51:24]} 14. Bf3 {[%clk 0:39:01]} c6
{[%clk 0:50:26]} 15. c3 {[%clk 0:39:25]} Re8 {[%clk 0:46:13]} 1/2-1/2